000
00300 a2200145 4500
001
163986
020
_a
040
_c
Magnum
100
_a
-
240
1
0
_a
Os pensadores: santo agostinho
_l
por
245
1
0
_a
Os pensadores: santo agostinho
362
0
_a
1899
697
_a
FILOSOFIA
942
_c
BK
999
_c
163986
_d
163986